000 02785cam a2200337 4500500
005 20260329015703.0
041 _afre
042 _adc
100 1 0 _aCopello, David
_eauthor
245 0 0 _aFaire la révolution par les droits de l’homme
260 _c2019.
500 _a49
520 _aRésuméCet article propose de revisiter l’opposition, classique en histoire des idées politiques, entre gauches révolutionnaires et droits de l’homme. À partir de l’analyse d’une organisation militante argentine des années 1970 et 1980, on y montre que le militantisme pour les droits de l’homme peut se combiner de plusieurs manières au militantisme révolutionnaire. Des logiques de simultanéité temporelle, de superposition subjective et organisationnelle, et des processus de réfraction entre espace des droits de l’homme et champ politique sont alors mis en évidence, l’imbrication de ces deux univers devenant une donnée fondamentale pour en comprendre les évolutions. L’intérêt d’une histoire contextuelle des idées à partir de leurs usages, intégrant l’analyse des dynamiques militantes à l’étude du fait intellectuel, se trouve ainsi souligné.
520 _aThis article revisits the opposition – a classical one in the history of political ideas – between revolutionary left-wing militant movements and human rights activism. Based on the analysis of an Argentinean militant organisation active in the 1970s and 1980s, it demonstrates that human rights activism can in fact be combined with revolutionary militancy in several ways. This article illustrates how the Argentine human rights space and political world refracted off of each other, producing logics of temporal simultaneity and subjective and organisational superposition. To understand the evolution of either of these two movements, it becomes essential to examine just how closely they were interwoven. We therefore highlight the value of developing a contextual history of ideas based on their uses, by combining the analysis of intellectual phenomena with activist dynamics.
690 _aannées 1968
690 _aArgentine
690 _adroits de l’homme
690 _agauches révolutionnaires
690 _ahistoire des idées politiques
690 _amilitantisme
690 _aterrorisme d’État
690 _a1968s
690 _aactivism
690 _aArgentina
690 _ahistory of political ideas
690 _ahuman rights
690 _arevolutionary Left
690 _aState-sponsored terrorism
786 0 _nRevue française de science politique | 69 | 4 | 2019-09-19 | p. 577-600 | 0035-2950
856 4 1 _uhttps://shs.cairn.info/revue-francaise-de-science-politique-2019-4-page-577?lang=fr&redirect-ssocas=7080
999 _c1900060
_d1900060